000 00607nam a2200229Ia 4500
003 OSt
005 20221007071916.0
006 a|||||r|||| 00| 0
007 ta
008 221006b |||||||| |||| 00| 0 eng d
024 _a18,388
037 _cTextual
040 _aFLL
_cFLL
_beng
041 _2eng
_aeng
082 _aZwM35, F5
100 _aRait R.S. Au.
_9689662
245 0 _aMemorials of albert venn dicey
260 _aLondon
_bMacmillan and co., limited England
_c1925
300 _a304p
_ccm.
942 _hZwM35, F5
_cTEXL
_2CC
999 _c1144648
_d1144648